| 000 | 00741nam a22002177a 4500 | ||
|---|---|---|---|
| 003 | 0 | ||
| 005 | 20250407112747.0 | ||
| 008 | 250404b xxu||||| |||| 00| 0 eng d | ||
| 020 | _a978-621-427-191-7 | ||
| 050 |
_aHD 30.28 _b.Ab23 2024 |
||
| 100 | _aAbante, Marmelo V. | ||
| 245 |
_aAdvanced strategic management _cMarmelo V. Abante and two others |
||
| 260 |
_aIntramuros , Manila _bUnlimited Books Library Services & Publishing, Inc. _c2024 |
||
| 300 |
_aviii, 251 pages; _c25cm. |
||
| 504 | _aIncludes bibliographical references. | ||
| 650 | _aStrategic planning -- Strategic management. | ||
| 650 | _aBusiness planning -- Business strategy. | ||
| 700 | _aBriones, Jesus P. | ||
| 700 | _aMagsino, Amado L. | ||
| 942 |
_2lcc _cBK |
||
| 999 |
_c367362 _d367362 |
||